Life style / (Record no. 353201)

000 -LEADER
fixed length control field 01021 a2200313 4500
003 - CONTROL NUMBER IDENTIFIER
control field OSt
005 - DATE AND TIME OF LATEST TRANSACTION
control field 20180116192358.0
008 - FIXED-LENGTH DATA ELEMENTS--GENERAL INFORMATION
fixed length control field 120702t xxu||||| |||| 00| 0 eng d
010 ## - LIBRARY OF CONGRESS CONTROL NUMBER
LC control number 2006468675
020 ## - INTERNATIONAL STANDARD BOOK NUMBER
International Standard Book Number 0714845205 (pbk.)
020 ## - INTERNATIONAL STANDARD BOOK NUMBER
International Standard Book Number 9780714845203
035 ## - SYSTEM CONTROL NUMBER
System control number (OCoLC)ocm57692668
040 ## - CATALOGING SOURCE
Transcribing agency 0
082 04 - DEWEY DECIMAL CLASSIFICATION NUMBER
Classification number 745.4092
100 1# - MAIN ENTRY--PERSONAL NAME
Personal name Mau, Bruce.
9 (RLIN) 5311
245 10 - TITLE STATEMENT
Title Life style /
Statement of responsibility, etc. Bruce Mau ; edited by Kyo Maclear with Bart Testa.
260 ## - PUBLICATION, DISTRIBUTION, ETC.
Place of publication, distribution, etc. London ;
-- New York :
Name of publisher, distributor, etc. Phaidon,
Date of publication, distribution, etc. 2005.
300 ## - PHYSICAL DESCRIPTION
Extent 623 p. :
Other physical details ill. (some col.) ;
Dimensions 25 cm.
500 ## - GENERAL NOTE
General note Originally published: 2000.
600 10 - SUBJECT ADDED ENTRY--PERSONAL NAME
Personal name Mau, Bruce
9 (RLIN) 5312
610 20 - SUBJECT ADDED ENTRY--CORPORATE NAME
Corporate name or jurisdiction name as entry element Bruce Mau Design
9 (RLIN) 5313
650 10 - SUBJECT ADDED ENTRY--TOPICAL TERM
Topical term or geographic name entry element Graphic arts
Geographic subdivision Canada
General subdivision History
Chronological subdivision 20th century
9 (RLIN) 5314
650 10 - SUBJECT ADDED ENTRY--TOPICAL TERM
Topical term or geographic name entry element Commercial art
Geographic subdivision Canada
General subdivision History
Chronological subdivision 20th century
9 (RLIN) 5315
650 10 - SUBJECT ADDED ENTRY--TOPICAL TERM
Topical term or geographic name entry element Design.
9 (RLIN) 5316
700 1# - ADDED ENTRY--PERSONAL NAME
Personal name Testa, Bart.
9 (RLIN) 5317
700 1# - ADDED ENTRY--PERSONAL NAME
Personal name Maclear, Kyo,
Dates associated with a name 1970-
9 (RLIN) 5318
942 ## - ADDED ENTRY ELEMENTS (KOHA)
Institution code [OBSOLETE] SADA
Koha item type Book
Call number prefix 745.4092 MAU 2005
Source of classification or shelving scheme
952 ## - LOCATION AND ITEM INFORMATION (KOHA)
-- BOOK
Holdings
Withdrawn status Lost status Source of classification or shelving scheme Damaged status Not for loan Permanent Location Current Location Date acquired Total Checkouts Total Renewals Full call number Barcode Date last seen Date last checked out Cost, replacement price Price effective from Koha item type
          School of Art Design and Architecture (SADA) School of Art Design and Architecture (SADA) 06/29/2011 2 2 745.4092 MAU 2005 SADA0001489 02/18/2015 02/17/2015 2881.00 08/05/2011 Book
© 2023 Central Library, National University of Sciences and Technology. All Rights Reserved.